| 000 | 00464nam a2200169Ia 4500 | ||
|---|---|---|---|
| 999 |
_c28689 _d28689 |
||
| 003 | OSt | ||
| 005 | 20201119120943.0 | ||
| 008 | 190216s9999||||xx |||||||||||||| ||und|| | ||
| 040 | _coclc | ||
| 082 |
_a894.8123 _bPAD/P |
||
| 100 |
_aPadmanabhan, M _96776 |
||
| 245 | 0 |
_aParajithan / _cM Padmanabhan |
|
| 260 |
_bPoorna Pubs, _a Kozhikode: _c2006. |
||
| 300 | _a782p | ||
| 650 | _aNovel | ||
| 942 |
_cBK _2ddc _h894.8123 _iPAD/P _k894.8123 _mPAD/P |
||